<?xml version="1.0" encoding="UTF-8"?>
<marc:record xmlns:marc="http://www.loc.gov/MARC21/slim">
   <marc:leader>00000nam a2200000 a 4500</marc:leader>
   <marc:datafield ind1="1" ind2=" " tag="100">
      <marc:subfield code="a">Ferrante, Elena</marc:subfield>
      <marc:subfield code="4">aut</marc:subfield>
      <marc:subfield code="e">Verfasser/-in</marc:subfield>
   </marc:datafield>
   <marc:datafield ind1=" " ind2=" " tag="653">
      <marc:subfield code="a">Belletristische Darstellung</marc:subfield>
   </marc:datafield>
   <marc:datafield ind1=" " ind2=" " tag="653">
      <marc:subfield code="a">Freundschaft</marc:subfield>
   </marc:datafield>
   <marc:datafield ind1=" " ind2=" " tag="653">
      <marc:subfield code="a">Betrug</marc:subfield>
   </marc:datafield>
   <marc:datafield ind1=" " ind2=" " tag="653">
      <marc:subfield code="a">Jugend</marc:subfield>
   </marc:datafield>
   <marc:datafield ind1=" " ind2=" " tag="653">
      <marc:subfield code="a">Neapel</marc:subfield>
   </marc:datafield>
   <marc:datafield ind1=" " ind2=" " tag="653">
      <marc:subfield code="a">Heirat</marc:subfield>
   </marc:datafield>
   <marc:datafield ind1="0" ind2="0" tag="245">
      <marc:subfield code="a">Die Geschichte eines neuen Namens</marc:subfield>
   </marc:datafield>
   <marc:datafield ind1="0" ind2="0" tag="245">
      <marc:subfield code="b">Neapolitanische Saga; Bd.2; Jugendjahre; Roman</marc:subfield>
   </marc:datafield>
   <marc:datafield ind1=" " ind2="1" tag="264">
      <marc:subfield code="b">Suhrkamp</marc:subfield>
      <marc:subfield code="c">2017</marc:subfield>
   </marc:datafield>
   <marc:datafield ind1="1" ind2=" " tag="490">
      <marc:subfield code="a">Neapolitanische Saga</marc:subfield>
   </marc:datafield>
   <marc:datafield ind1="1" ind2=" " tag="520">
      <marc:subfield code="a">Lila und Elena sind sechzehn Jahre alt, und sie sind verzweifelt. Lila hat noch am Tage ihrer Hochzeit erfahren, dass ihr Mann sie hintergeht - er macht Geschäfte mit den allseits verhassten Solara-Brüdern, den lokalen Camorristi. Für Lila, arm geboren und durch die Ehe schlagartig zu Geld und Ansehen gekommen, brechen leidvolle Zeiten an. Elena hingegen verliebt sich Hals über Kopf in einen jungen Studenten, doch der scheint nur mit ihren Gefühlen zu spielen. Sie ist eine regelrechte Vorzeigeschülerin geworden, muss aber feststellen, dass das, was sie sich mühsam erarbeitet hat, in ihrer neapolitanischen Welt kaum etwas gilt.
Trotz all dieser Widrigkeiten beharren Lila und Elena immer weiter darauf, ihr Leben selbst zu bestimmen, auch wenn der Preis, den sie dafür zahlen müssen, bisweilen brutal ist. Woran die beiden jungen Frauen sich festhalten, ist ihre Freundschaft. Aber können sie einander wirklich vertrauen?</marc:subfield>
   </marc:datafield>
   <marc:datafield ind1=" " ind2=" " tag="020">
      <marc:subfield code="a">978351842574</marc:subfield>
      <marc:subfield code="9">978351842574</marc:subfield>
   </marc:datafield>
</marc:record>
